| 000 | 00645 aa a2200193 4500 | ||
|---|---|---|---|
| 008 | 081021t xxu||||| |||| 00| 0 eng d | ||
| 010 | _aENG-84569 | ||
| 020 | _a8189000799 | ||
| 020 | _c800.00 (hb) | ||
| 035 | _aEN-68102 | ||
| 082 | _a304.6 / HUS | ||
| 100 | _aAhmad Hussain | ||
| 245 |
_aPopulation geography / _cby Ahmad Hussain |
||
| 260 |
_aNew Delhi _bVishvabharti Publications |
||
| 260 | _c2007 | ||
| 300 |
_a410p _c23cm |
||
| 942 |
_2ddc _cEN _h304.6 _mHUS |
||
| 999 |
_c17874 _d17874 |
||